| 000 | 00563nam a2200193 a 4500 | ||
|---|---|---|---|
| 001 | BRCA_2299 | ||
| 005 | 20190320203740.0 | ||
| 008 | 190508s2002----mx-#---###---#000-0#spa-# | ||
| 020 | _a9685639000 | ||
| 050 | 4 |
_aNX760 _b.A53 2002 |
|
| 100 | 1 |
_aAnder-Egg, Ezequiel _96883 |
|
| 245 | 1 | 0 |
_aLéxico de la promoción sociocultural _cEzequiel Ander-Egg. |
| 260 |
_aMéxico _bEzequiel Ander-Egg _c2002 |
||
| 300 |
_a120 p. _c21 cm. |
||
| 650 | 1 | 4 |
_aCultura _vDiccionarios _xAspectos sociales _96884 |
| 650 | 1 | 4 |
_aArte _vDiccionarios _96885 |
| 902 | _aREF | ||
| 942 |
_2lcc _cB |
||
| 999 |
_c2044 _d2044 |
||